Building Internet Firewalls /
Guardado en:
| Autor Principal: | |
|---|---|
| Otros Autores: | , |
| Formato: | Libro |
| Idioma: | English |
| Publicado: |
Beijing :
O'Reilly,
c2000.
|
| Edición: | 2nd ed. |
| Materias: | |
| Acceso en línea: | Descripción |
| Etiquetas: |
Agregar Etiqueta
Sin Etiquetas, Sea el primero en etiquetar este registro!
|
| LEADER | 01155cam a22003135a 4500 | ||
|---|---|---|---|
| 001 | EIQ.libpla003884 | ||
| 008 | 000407s2000####cc#a##########001#0#eng#d | ||
| 005 | 20080404182620.0 | ||
| 245 | 1 | 0 | |a Building Internet Firewalls / |c Elizabeth D. Zwicky, Simon Cooper & D. Brent Chapman. |
| 250 | |a 2nd ed. | ||
| 260 | |a Beijing : |b O'Reilly, |c c2000. | ||
| 300 | |a xxi, 869 p. : |b il. ; |c 24 cm. | ||
| 500 | |a "Internet and Web security"--Cubierta. | ||
| 500 | |a "Covers Unix, Windows NT, and Linux"--Cubierta. | ||
| 500 | |a El nombre de Chapman aparece primero en la ed. anterior. | ||
| 500 | |a Incluye índice. | ||
| 020 | |a 1565928717 | ||
| 100 | 1 | |a Zwicky, Elizabeth D. | |
| 700 | 1 | |a Cooper, Simon. | |
| 700 | 1 | |a Chapman, D. Brent. | |
| 082 | 0 | 0 | |a 005.8 |2 21 |
| 650 | 4 | |a Redes de ordenadores |x Medidas de seguridad. | |
| 650 | 4 | |a Internet |x Medidas de seguridad. | |
| 650 | 0 | |a Computer networks |x Security measures. | |
| 650 | 0 | |a Internet |x Security measures. | |
| 010 | |a 00039954 | ||
| 040 | |a DLC |c DLC |d AR-BbSID | ||
| 856 | 4 | 2 | |3 Descripción |u http://www.loc.gov/catdir/enhancements/fy0715/00039954-d.html |
| 859 | |a AR-BbSID |b BIB. PLAPIQUI |h 005.8 |i Z 96 |p 5338 | ||
